000 00309nam a2200133Ia 4500
008 191201s2005 xx 000 0 und d
082 _a658.3008
_bROC
100 _aROHMETRA, Neelu
245 0 _aCultural Paradigm
260 _aN.Delhi
_bExcel Books
_c2005
300 _a159
650 _aMBA
942 _2ddc
_cBK
999 _c2727
_d2727